000 00540nam a2200217Ia 4500
001 1565
003 GE_BSU
008 181216s||||||||xx |||||||||||||| ||und||
040 _cGE_BSU
080 _a621.395(075.3)
100 _aякуб,Ю.А.
245 _aДальняя связь
245 _bВ качестве учебника для техникумов
260 _aМосква
260 _bСвязь
260 _c1971
300 _a335стр.
541 _h12л.
653 _aДальняя связь
942 _cBK
999 _c35692
_d35692